Mathematics across the iron curtain : (Record no. 139137)
[ view plain ]
| 000 -LEADER | |
|---|---|
| fixed length control field | 00719nam a22002057a 4500 |
| 005 - DATE AND TIME OF LATEST TRANSACTION | |
| control field | 20170421113404.0 |
| 010 ## - LCCN (DPL NO) | |
| LC control number | ENG-117793 |
| 020 ## - INTERNATIONAL STANDARD BOOK NUMBER | |
| International Standard Book Number | 9781470437329 |
| Terms of availability | 1360.00 |
| 035 ## - SYSTEM CONTROL NUMBER | |
| System control number | EN-101325 |
| 037 ## - SOURCE OF ACQUISITION | |
| Source of stock number/acquisition | DBAD/PUB |
| 082 ## - DEWEY DECIMAL CLASSIFICATION NUMBER | |
| Classification number | 512.27 |
| 100 ## - MAIN ENTRY--PERSONAL NAME | |
| Personal name | Christopher Hollings |
| 245 ## - TITLE STATEMENT | |
| Title | Mathematics across the iron curtain : |
| Statement of responsibility, etc | by Christopher Hollings |
| Remainder of title | a history of the algebraic theory of semigroups / |
| 260 ## - PUBLICATION, DISTRIBUTION, ETC. (IMPRINT) | |
| Place of publication, distribution, etc | Telangana,India |
| Name of publisher, distributor, etc | Universities press |
| Date of publication, distribution, etc | 2017 |
| 270 ## - ADDRESS | |
| Address | 3-6-747/1/A & 3-6-754/1, Himayatnagar,Hyderabad |
| City | Telangana,India |
| Postal code | 500029 |
| 300 v# - PHYSICAL DESCRIPTION | |
| Extent | xi,443p. |
| Dimensions | 23cm (pbk) |
| 490 ## - SERIES STATEMENT | |
| Series statement | History of mathematics ; volume 41 |
| 500 ## - GENERAL NOTE | |
| General note | included index |
| 942 ## - ADDED ENTRY ELEMENTS (KOHA) | |
| Source of classification or shelving scheme | Dewey Decimal Classification |
| Item type | English Books |
| Call number suffix | CHR |
| Classification part | 512.27 |
| Withdrawn status | Lost status | Not for loan | Collection code | Home library | Current library | Date acquired | Source of acquisition | Cost, normal purchase price | Full call number | Barcode | Copy number | Cost, replacement price | Koha item type |
|---|---|---|---|---|---|---|---|---|---|---|---|---|---|
| Not For Loan | Non-fiction | D.B.Act.Division | Bawana | 20/04/2017 | DBAD/PUB | 1360.00 | 512.27 CHR | EN-101325 | 1 | 1360.00 | English Books |
